000 00391nam a2200145Ia 4500
008 231129s2004||||xx |||||||||||||| ||spa||
020 _a958-655-809-6
040 _bspa
082 _a641.3374 P855ch
100 _aPosada Jaramillo Myriam
245 0 _aEl chocolate un placer saludable
260 _c2004
264 _aImagexpress
942 _2ddc
_cBKS
999 _c10566
_d10566